A tourist guide to notable Philippine churches (Record no. 5280)

MARC details
000 -LEADER
fixed length control field 00722nam a22002057a 4500
003 - CONTROL NUMBER IDENTIFIER
control field OSt
005 - DATE AND TIME OF LATEST TRANSACTION
control field 20251029034919.0
008 - FIXED-LENGTH DATA ELEMENTS--GENERAL INFORMATION
fixed length control field 251029b |||||||| |||| 00| 0 eng d
020 ## - INTERNATIONAL STANDARD BOOK NUMBER
International Standard Book Number 971-10-1168-0.
040 ## - CATALOGING SOURCE
Original cataloging agency DWCL-Main lib
Transcribing agency OC
082 ## - DEWEY DECIMAL CLASSIFICATION NUMBER
Classification number Fil. 726.509599 L429t 2007
100 ## - MAIN ENTRY--PERSONAL NAME
Personal name Layug, Benjamin Locsin
245 ## - TITLE STATEMENT
Title A tourist guide to notable Philippine churches
Statement of responsibility, etc. Layug, Benjamin Locsin
260 ## - PUBLICATION, DISTRIBUTION, ETC.
Place of publication, distribution, etc. Quezon City :
Name of publisher, distributor, etc. New Day pub.,
Date of publication, distribution, etc. c2007.
300 ## - PHYSICAL DESCRIPTION
Extent xxvii, 266 pages :
Other physical details illustration :
Dimensions 23 cm.
504 ## - BIBLIOGRAPHY, ETC. NOTE
Bibliography, etc. note Includes bibliographical references.
650 ## - SUBJECT ADDED ENTRY--TOPICAL TERM
Source of heading or term 1. Catholic church buildings-Philippines-Guidebooks.
650 ## - SUBJECT ADDED ENTRY--TOPICAL TERM
Source of heading or term 2. Catholic church buildings-Philippines-History.
942 ## - ADDED ENTRY ELEMENTS (KOHA)
Source of classification or shelving scheme Dewey Decimal Classification
Koha item type Book-Filipiniana
Call number prefix Fil.
Suppress in OPAC No
952 ## - LOCATION AND ITEM INFORMATION (KOHA)
--
Holdings
Withdrawn status Lost status Source of classification or shelving scheme Damaged status Not for loan Home library Current library Shelving location Date acquired Source of acquisition Cost, normal purchase price Total Checkouts Full call number Barcode Date last seen Copy number Price effective from Koha item type Uniform Resource Identifier
    Dewey Decimal Classification     College Library College Library Filipiniana 09/27/2008 School Fund 768.00   Fil. 726.509599 L429t 2007 CL46269 10/29/2025 c1 10/29/2025 BK-FIL